Statistics for Movie Titles with Shared First Words #8

Click here to take the quiz!

General Stats

  • This quiz has been taken 1,517 times
  • The average score is 15 of 24

Answer Stats

Ends Of Movie TitlesFirst Word% Correct
Must Die, And JulietRomeo
99%
Kong, Solomon's MinesKing
97%
At Tiffany's, Of Champions, On PlutoBreakfast
94%
Cloverfield Lane, Things I Hate About You10
93%
Country For Old Men, Way OutNo
93%
Joe Black, The RobinsonsMeet
92%
A Few Dollars More, Your Eyes OnlyFor
91%
Engines, KombatMortal
87%
Wick, QJohn
85%
Destination, ScoreFinal
84%
The Hedge, The TopOver
80%
Home, To AmericaComing
73%
The Last Dance, MeSave
73%
Box, On A WireBird
66%
Story, AcademyPolice
59%
Cuts, CircuitShort
49%
, Mr. Chips, Christopher RobinGoodbye
48%
High, Captain And The World Of TomorrowSky
40%
Rocket, ShockBottle
16%
Running, HillSilent
14%
Zoe, SeasonKilling
10%
Out, LandCop
9%
Squad, No. 1Gangster
5%
Traffic, DesireHuman
5%

Score Distribution

Percentile by Number Answered

Percent of People with Each Score

Your Score History

You have not taken this quiz